El protectorado español en Marruecos : (Record no. 126548)

MARC details
000 -LEADER
campo de control de longitud fija 01711cam a2200457 i 4500
001 - NÚMERO DE CONTROL
campo de control 18308892
003 - IDENTIFICADOR DE NÚMERO DE CONTROL
campo de control BJBSDDR
005 - FECHA Y HORA DE LA ÚLTIMA TRANSACCIÓN
campo de control 20260309122027.0
007 - CAMPO FIJO DE DESCRIPCIÓN FÍSICA--INFORMACIÓN GENERAL
campo de control de longitud fija ta
008 - DATOS DE LONGITUD FIJA--INFORMACIÓN GENERAL
campo de control de longitud fija 140919s2013 sp a b 000 0 spa c
010 ## - NÚMERO DE CONTROL DE LA BIBLIOTECA DEL CONGRESO
Número de control de LC 2014417881
020 ## - NÚMERO INTERNACIONAL ESTÁNDAR DEL LIBRO
Número Internacional Estándar del Libro 9788469582541 (v.1)
020 ## - NÚMERO INTERNACIONAL ESTÁNDAR DEL LIBRO
Número Internacional Estándar del Libro 9788469582541 (v.2)
035 ## - NÚMERO DE CONTROL DEL SISTEMA
Número de control de sistema 18308892
035 ## - NÚMERO DE CONTROL DEL SISTEMA
Número de control de sistema (OCoLC)880869059
040 ## - FUENTE DE CATALOGACIÓN
Centro catalogador/agencia de origen NjP
Lengua de catalogación spa
Centro/agencia transcriptor PUL
Normas de descripción rda
Centro/agencia modificador OCLCO
-- OCLCF
-- DLC
041 0# - CÓDIGO DE IDIOMA
Código de lengua del texto/banda sonora o título independiente spa
-- eng
042 ## - CÓDIGO DE AUTENTICACIÓN
Código de autenticación pcc
043 ## - CÓDIGO DE ÁREA GEOGRÁFICA
Código de área geográfica f-mr---
050 00 - SIGNATURA TOPOGRÁFICA DE LA BIBLIOTECA DEL CONGRESO
Número de clasificación DT330
Número de ítem P967 2013
082 00 - NÚMERO DE LA CLASIFICACIÓN DECIMAL DEWEY
Número de clasificación 964/.04
Número de edición 23
245 03 - MENCIÓN DEL TÍTULO
Título El protectorado español en Marruecos :
Resto del título la historia trascendida /
Mención de responsabilidad, etc. dirección de Manuel Aragón Reyes ; edición y coordinación de Manuel Gahete Jurado ; colabora Fatiha Benlabbah ; Ignacio Sánchez Galán [and others].
264 #1 - PRODUCCIÓN, PUBLICACIÓN, DISTRIBUCIÓN, FABRICACIÓN Y COPYRIGHT
Producción, publicación, distribución, fabricación y copyright Bilbao :
Nombre del de productor, editor, distribuidor, fabricante Iberdrola,
Fecha de producción, publicación, distribución, fabricación o copyright [2013]
300 ## - DESCRIPCIÓN FÍSICA
Extensión 2 volumes :
Otras características físicas illustrations (some color) ;
Dimensiones 24 cm.
336 ## - TIPO DE CONTENIDO
Término de tipo de contenido text
Fuente rdacontent
337 ## - TIPO DE MEDIO
Nombre/término del tipo de medio unmediated
Fuente rdamedia
338 ## - TIPO DE SOPORTE
Nombre/término del tipo de soporte volume
Fuente rdacarrier
490 1# - MENCIÓN DE SERIE
Mención de serie Colección Páginas de historia
504 ## - NOTA DE BIBLIOGRAFÍA, ETC.
Nota de bibliografía, etc. Includes bibliographical references.
505 00 - NOTA DE CONTENIDO CON FORMATO
Información miscelánea Vol. 1.
Título Vertiente jurídica, socioeconómico-demográfica y científico-educativa --
Información miscelánea vol. 2.
Título Vertiente cultural-historiográfica y literaria --
546 ## - NOTA DE IDIOMA
Nota de lengua/lenguaje Spanish, French, and English.
651 #0 - PUNTO DE ACCESO ADICIONAL DE MATERIA--NOMBRE GEOGRÁFICO
Nombre geográfico Morocco (Spanish zone)
651 #0 - PUNTO DE ACCESO ADICIONAL DE MATERIA--NOMBRE GEOGRÁFICO
Nombre geográfico Morocco
Subdivisión general History
Subdivisión cronológica 1912-1956.
700 1# - ENTRADA AGREGADA--NOMBRE PERSONAL
Nombre de persona Aragón Reyes, Manuel,
Fechas asociadas al nombre 1944-
Término indicativo de función/relación editor.
9 (RLIN) 42564
700 1# - ENTRADA AGREGADA--NOMBRE PERSONAL
Nombre de persona Gahete, Manuel,
Fechas asociadas al nombre 1957-
Término indicativo de función/relación editor.
9 (RLIN) 47397
830 ## - PUNTO DE ACCESO ADICIONAL DE SERIE-TÍTULO UNIFORME
Título uniforme Colección Paginas de historia ;
9 (RLIN) 47395
906 ## - ELEMENTOS DE DATOS F LOCAL, LDF (RLIN)
a 7
b cbc
c pccadap
d 2
e ncip
f 20
g y-gencatlg
942 ## - ELEMENTOS DE ENTRADA SECUNDARIOS (KOHA)
Fuente del sistema de clasificación o colocación Clasificación de Library of Congress
Suprimir en OPAC No
Tipo de ítem Koha Libro
946 ## - PROCESAMIENTO DE INFORMACIÓN LOCAL (OCLC)
Iniciales del agente catalogador rmza
Holdings
Estatus retirado Estado de pérdida Fuente del sistema de clasificación o colocación Estado de daño No para préstamo Colección Biblioteca de origen Biblioteca actual Ubicación en estantería Fecha de adquisición Serial enumeration / chronology Signatura topográfica completa Código de barras Visto por última vez Copia número Tipo de ítem Koha
    Clasificación de Library of Congress     Automatización y Procesos Técnicos Biblioteca Juan Bosch Biblioteca Juan Bosch Automatización y Procesos Técnicos (1er. Piso) 09/03/2026 v.1 DT330 P967 2013 00000183796 09/03/2026 1 Libro
    Clasificación de Library of Congress     Automatización y Procesos Técnicos Biblioteca Juan Bosch Biblioteca Juan Bosch Automatización y Procesos Técnicos (1er. Piso) 09/03/2026 v.2 DT330 P967 2013 00000183797 09/03/2026 1 Libro